Permaisuri

Bibliographic Details
Format: Book

MARC

LEADER 00000cam a2200000 7i4500
001 0000008088
002 000008826
005 20000330.0
020 |a 9838952345 
090 0 0 |a F   |b AGH 
245 1 0 |a Permaisuri 
999 |a 043399   |b BUKU   |c PINJAMAN   |e PERPUSTAKAAN KOMUNITI PETALING JAYA